Instrumentos relativos a la Integración Económica de América Latina /

Spremljeno u:
Bibliografski detalji
Autori kompanije: Instituto Interamericano de Estudios Jurídicos, Instituto para la Integración de América Latina INTAL
Format: Tekst
Izdano: México, D.F.: Editorial Muñoz
Izdanje:2
Oznake: Dodaj oznaku
Bez oznaka, Budi prvi tko označuje ovaj zapis!

MARC

LEADER 00000 a a2200000 04500
001 25272
003
040 |a CRAI/IIS  |c CRAI/IIS 
090 |a 180800  
110 |a Instituto Interamericano de Estudios Jurídicos  
245 |a Instrumentos relativos a la Integración Económica de América Latina /  |c Instituto Interamericano de Estudios Jurídicos  
250 |a 2  
260 |a México, D.F.:   |b Editorial Muñoz  
300 |a 508 p  
710 |a Instituto para la Integración de América Latina   |a INTAL  
999 |c 4311  |d 4311